000 00797nam a2200241 a 4500
003 CBULib
005 20240807134819.0
008 100112s2009 ||||||||||||||||| || u
040 _aCBULib
_bEnglish
_cCBULib
_erda
041 _aeng
050 _aUNCTAD(058)TDRO/2009
110 _aUnited Nations Conference on Trade and Development (UNCTAD)
245 1 0 _aTrade and development report, 2009 : overview
260 _aNew York :
_bUnited Nations,
_c2009.
300 _a33 pages
336 _2rdacontent
_aText |
_btxt
337 _2rdamedia
_aUnmediated |
_bn
338 _2rdacarrier
_aVolume
_bnc
650 0 _93173
_aINTERNATIONAL ECONOMIC RELATIONS--PERIODICALS
650 0 _93174
_aECONOMICS
942 _2mc
_c029
999 _c60112
_d60112